000
00314nam a2200133Ia 4500
005
20251222143251.0
008
251222s9999||||xx |||||||||||||| ||spa||
020
_a
978-88-430-2334-9
082
_a
455/L89
100
_a
Lorenzetti, Luca
245
0
_a
L'Italiano Contemporáneo
264
_b
Carocci
942
_c
LIB
999
_c
14977
_d
14977